000 00558nam a2200181 i 4500
001 76561
003 ES-MaACL
005 20230906172900.0
007 t|
008 041004s1969 sp |||| | spa d
245 0 0 _aGuía del laboratorio de física /
_c[traducida y adaptada al español por J. Aguilar Perís].
250 _a2ª ed.
260 _a[Barcelona] :
_bReverté,
_c1969.
300 _aI, 88 p. :
_bil. ;
_c25 cm.
650 4 _aFísica-
_xManuales de laboratorio.
_9165137
700 1 _aAguilar Peris, José.
_918743
852 _aES-MaACL
_jC-41821
999 _c76561
_d76561